| 000 | 00481nam a2200181 4500 | ||
|---|---|---|---|
| 020 | _a9789348164858 | ||
| 082 |
_aM080 007 _bSAD/K.1 |
||
| 100 | _aSadasivan K | ||
| 245 |
_aKochirajyavum sahithyavum (vol.1)/ _cby Sadasivan K |
||
| 260 |
_aS.L.: _bK Sadasivan, _c2025. |
||
| 300 | _a879p. | ||
| 650 | _aLiterature Kochi Study | ||
| 650 | _aLiterature Kochi | ||
| 650 | _aLiterature Malayalam Study | ||
| 650 | _aLiterature Malayalam | ||
| 650 | _aLiterature | ||
| 942 | _cBK | ||
| 999 |
_c182037 _d182037 |
||